000
00358nam a2200181Ia 4500
005
20251104092443.0
020
_a
9780645098
050
_a
KP 116 .A3/
100
_a
Aderibigbe, M
245
0
_a
Famliy law
250
_a
1st ed.
260
_a
Lagos
260
_b
Godas pub.
260
_c
2004
300
_a
228 p
650
_a
Lagos
942
_c
BK
_2
lcc
999
_c
40410
_d
40410